| 000 | 02359nam0a2200289 4500 | ||
|---|---|---|---|
| 001 | RU\NLR\BIBL_A\012129801 | ||
| 005 | 20260406075141.0 | ||
| 035 | _a(NLR Aleph) 012129801 | ||
| 090 |
_a12040073 _c12040073 |
||
| 100 | _a20191028d1894 |||y0rusy50 ca | ||
| 101 | 0 | _arus | |
| 102 | _aRU | ||
| 105 | _aab z 000zy | ||
| 200 | 1 |
_aОбъяснение символа веры, молитв и заповедей, с подготовительными к нему рассказами из священной истории и с кратким учением о Богослужении православной церкви, для руководства при изучении Закона Божия в начальных народных училищах, в первом классе городских училищ и приготовительном классе средних учебных заведений _fсоставил применительно к программе, утвержденной Св. Синодом и обязательной для начальных училищ разных наименований и ведомств и для испытания отбывающих воинскую повинность со льготою 4-го разряда, а также применительно к программе одноклассных церковно-приходских школ, законоучитель 7-й и 8-й С.-Петербургских гимназий, протоиерей церкви С.-Петербургских градских богаделен Григорий Чельцов |
|
| 205 | _aИзд. 17-е | ||
| 210 |
_aСанктпетербург _cТипография В. Дрессен и М. Гутзац _d1894 |
||
| 215 |
_a[2], V, [1], 198, [2] с. _cил., карт. _d19 |
||
| 225 | 1 | _aЗакон Божий | |
| 605 |
_aЗакон Божий _jРуководства, пособия и т.п _92073637 _3RU\NLR\AUTH\661248560 |
||
| 686 | 0 | _aЭ372.24-4я71 | |
| 700 | 1 |
_8rus _7ca _aЧельцов _bГ. В. _f1840-1916 _gГригорий Васильевич _3RU\NLR\AUTH\7736847 _919836 |
|
| 852 |
_aNLR _j18.303.6.63 |
||
| 942 | _cBOOK | ||
| 980 | _aNB | ||